000 00442nam a2200169Ia 4500
003 GCL
008 140319s9999 xx 000 0 eng d
040 _aGCL /
_cGCL
082 0 4 _a003.3
_bH M
100 1 _aHOWARD, GARRY
245 1 0 _aTHE MACINTOSH DO-IT YOURSELF UPGADE BOOK /
_cHOWARD, GARRY
260 _a[S.N] :
_bSYBEX INC. ،
_c1992
300 _a450
650 0 4 _aCOMPUTER SOFTWARE
650 0 4 _aNETWORK ANALYSIS
942 _2ddc
_cBK
999 _c12208
_d12208